000 01121cab a2200325 4500
001 ABS50626
008 090401t1994 xxu||||| |||| 00| 0 eng d
035 _a(Sirsi) u76725
041 _aeng
100 _aHutchison, N.
245 _aBusiness interests - adequacy of compensation
260 _c1994
350 _a0
490 _aEstates Gazette
_v(9417) 30 April 1994, 138-141(4)
520 _aReports on RICS Education Trust funded research examining the case for reforming existing rules for compensation payable on the compulsory acquisition of business interests. Scottish case study.
650 _aBLIGHT
650 _aBUSINESS INTERESTS
650 _aCOMPENSATION
650 _aCompulsory purchase
_96228
650 _aDELAY
650 _aDISTURBANCE PAYMENTS
650 _aLAND COMPENSATION (SCOTLAND) ACT 1963 S12
650 _aLAND COMPENSATION ACT 1961 S5
650 _aREFORM
650 _aRESEARCH
690 _aENVIRONMENTAL AND LAND CONSULTANCY-PLANNING AND DEVELOPMENT-COMPULSORY PURCHASE AND COMPENSATION
700 _aRowan-Robinson, J.
942 _n0
948 _c04/03/1997
999 _c48207
_d48207